| 000 | 01351nam a2200361 a 4500 | ||
|---|---|---|---|
| 001 | 103337 | ||
| 003 | FlNmELB | ||
| 005 | 20241217173311.0 | ||
| 006 | m o d | | ||
| 007 | cr cn||||||||| | ||
| 008 | 130627s2012 sp s 001 0 spa d | ||
| 020 | _z9788483649763 | ||
| 035 | _a(MiAaPQ)EBC3212248 | ||
| 035 | _a(Au-PeEL)EBL3212248 | ||
| 035 | _a(CaPaEBR)ebr10721422 | ||
| 035 | _a(OCoLC)1010713111 | ||
| 040 |
_aFlNmELB _bspa _cFlNmELB |
||
| 050 | 4 |
_aTJ810 _b.G896 2012 |
|
| 080 | _a620.97 | ||
| 082 | 0 | 4 |
_a621.47 _223 |
| 245 | 0 | 0 |
_aGuía para el docente y solucionarios _h[recurso electronico] : _bmontaje y mantenimiento de instalaciones solares térmicas. |
| 260 |
_aAntequera, Málaga : _bIC editorial, _c2012. |
||
| 300 | _a153 p. | ||
| 504 | _aContiene índice. | ||
| 533 | _aRecurso electrónico. Santa Fe, Arg.: e-libro, 2015. Disponible vía World Wide Web. El acceso puede estar limitado para las bibliotecas afiliadas a e-libro. | ||
| 650 | 4 |
_aConstrucciones _xEnergía solar _vProblemas, ejercicios, etc. |
|
| 650 | 4 |
_aClimatización _xMantenimiento y reparación _vProblemas, ejercicios, etc. |
|
| 650 | 0 | _aSolar thermal energy. | |
| 650 | 0 |
_aSolar heating _xInstallation. |
|
| 655 | 4 | _aLibros electrónicos. | |
| 710 | 2 | _ae-libro, Corp. | |
| 856 | 4 | 0 | _uhttps://elibro.net/ereader/politecnicointernacional/54344 |
| 999 |
_c103337 _d103337 |
||